| 000 | 02520nam a22003737a 4500 | ||
|---|---|---|---|
| 005 | 20080807152819.0 | ||
| 008 | 080807t xxu||||| |||| 00| 0 eng d | ||
| 010 | _aB-282557-568 | ||
| 020 |
_a0439543436 _c250.00 |
||
| 035 | _aB-282557-568 | ||
| 040 |
_aDPL _bEN |
||
| 082 | _aN | ||
| 100 | _aKay, Elizabeth | ||
| 245 |
_aThe divide / _cby Elizabeth Kay; illustrated by Ted Dewan |
||
| 260 |
_bChicken House (Trademark of Scholastic Inc.) _c2007(repr.). _aNew York |
||
| 300 |
_a312p. _c20 cm (pbk) |
||
| 700 | _aDewan, Ted | ||
| 270 |
_a550 A, Pace City-II, Sector - 37, (Vender) _bGurgaon _e122004 _k2212432 |
||
| 942 |
_cCH _h N _2ddc _mKAY |
||
| 999 |
_c13514 _d13514 |
||